Mañana en la batalla piensa en mí
Zapisane w:
| 1. autor: | |
|---|---|
| Format: | Książka |
| Język: | hiszpański |
| Wydane: |
Madrid
Suma de Letras
2001
|
| Wydanie: | 3a. ed |
| Seria: | Punto de Lectura, 4-5
|
| Hasła przedmiotowe: | |
| Etykiety: |
Dodaj etykietę
Nie ma etykietki, Dołącz pierwszą etykiete!
|
MARC
| LEADER | 00000nam a2200000 a 4500 | ||
|---|---|---|---|
| 001 | UCL0963 | ||
| 003 | CL-VaPUC | ||
| 008 | 030825e20010000SP |||||||||||||||||spa|d | ||
| 020 | |a 8466300708 | ||
| 082 | 0 | 4 | |a 863 |b MAR |2 21 |
| 100 | |a Marías, Javier |e autor |9 477749 | ||
| 245 | 1 | 0 | |a Mañana en la batalla piensa en mí |
| 250 | |a 3a. ed | ||
| 300 | |a 423 p | ||
| 942 | |c BK | ||
| 945 | |d 20030825 00:00:00 |a cmena | ||
| 260 | |a Madrid |b Suma de Letras |c 2001 | ||
| 650 | 0 | |a Novelas españolas |9 265052 | |
| 650 | 0 | |a Literatura española |9 306261 | |
| 583 | |a last modification |c 20030825 00:00:00 |k Rodrigo Vera | ||
| 490 | 0 | |a Punto de Lectura, 4-5 | |
| 999 | |c 304681 |d 304679 | ||
| 952 | |0 0 |1 0 |4 0 |6 863_000000000000000_MAR_2001 |7 0 |8 A |9 367329 |a BIBEDU |b BIBEDU |d 2019-11-21 |i 3934764 |o 863 MAR 2001 |p 3934764 |r 2019-11-21 |w 2019-11-21 |y BK |k LIT | ||